Statistics for Johnny's General Knowledge Quiz #4

Click here to take the quiz!

General Stats

  • This quiz has been taken 34,502 times
    (23,672 since last reset)
  • The average score is 12 of 20

Answer Stats

QuestionAnswer% Correct
Which Olympic sport features an ice rink, brooms, and stones?Curling
89%
Fill in the blank: "There's no I in ____"Team
84%
What is often served with the check at Chinese restaurants?Fortune Cookie
83%
What does a cartographer make?Maps
83%
Which appendage is used to hitchhike?Thumb
82%
Which actor starred in the 2007 movie "I Am Legend"?Will Smith
82%
In 2050, which country is projected to be the most populous?India
79%
On which Great Lake is Chicago situated?Lake Michigan
76%
What 5 letter word starts with T and means "luke warm"?Tepid
65%
Who sang "Crazy in Love"?Beyoncé Knowles
58%
What country was ruled by the Khmer Rouge?Cambodia
57%
What does the M stand for in the name of the company IBM?Machines
56%
What Argentine soccer player is famous for his "hand of God" goal?Diego Maradona
54%
What is the most populous city in South America?São Paulo
54%
Who wrote "The Catcher in the Rye"?J.D. Salinger
51%
What country uses the Złoty as its currency?Poland
48%
What is the top rank in the Boy Scouts?Eagle Scout
45%
What glass is traditionally used to drink brandy?Snifter
25%
What Mexican coastal city is known for La Quebrada cliff divers?Acapulco
23%
In France, Gabelle was a tax on what?Salt
9%

Score Distribution

Percentile by Number Answered

Percent of People with Each Score

Your Score History

You have not taken this quiz since the last reset